| 000 | 01290cam a2200349 i 4500 | ||
|---|---|---|---|
| 001 | 18265905 | ||
| 003 | PILC | ||
| 005 | 20151105112621.0 | ||
| 008 | 140813s2015 enka b 001 0 eng | ||
| 010 | _a 2014032641 | ||
| 020 | _a9781138779860 (hbk) | ||
| 020 | _a1138779865 (hbk) | ||
| 020 | _a9781138779877 (pbk) | ||
| 020 | _a1138779873 (pbk) | ||
| 020 | _z9781315770994 (ebk) | ||
| 020 | _z1315770997 (ebk) | ||
| 040 |
_aDLC _beng _cDLC _erda |
||
| 042 | _apcc | ||
| 043 | _ae-uk-en | ||
| 050 | 0 | 0 |
_aKD 1629.6 _b.M66 2015 |
| 082 | 0 | 0 | _a346.4207 |
| 100 | 1 |
_aMonaghan, Christopher, _eauthor. |
|
| 245 | 1 | 0 |
_aBeginning business law / _cChris Monaghan. |
| 260 |
_aLondon : _bRoutledge, _c2015. |
||
| 300 |
_axx, 189 pages : _bcolor illustrations ; _c25 cm |
||
| 500 | _aIncludes bibliographical references and index. | ||
| 505 | 0 | _aIntroduction to business law -- The English legal system -- Contract law -- Contracts for the sale of goods -- Tort law -- The law of agency -- Employment law -- Unincorporated businesses -- Incorporated businesses. | |
| 650 | 0 |
_aCommercial law _zEngland. |
|
| 906 |
_a7 _bcbc _corignew _d1 _eecip _f20 _gy-gencatlg |
||
| 942 |
_2lcc _cBK _kFOR |
||
| 999 |
_c288912 _d288912 |
||